[Event "45th POL-ch (w)"]
[Site "Lublin POL"]
[Date "1993.??.??"]
[Round "1"]
[White "Grochot, Czeslawa"]
[Black "Szczygiel, Agnieszka"]
[Result "1-0"]
[WhiteElo "2170"]
[BlackElo "2135"]
[EventDate "1993.04.19"]
[PlyCount "147"]

1.e4 e5 2.Bc4 Nf6 3.d3 d5 4.exd5 Nxd5 5.h3 Nc6 6.Nf3 Bc5 7.O-O O-O 8.Bg5 
f6 9.Nc3 Be6 10.Bd2 Qd7 11.Qe2 Nde7 12.Bxe6+ Qxe6 13.Ne4 Bb6 14.Ng3 Qf7 
15.a4 a5 16.Kh1 Nd4 17.Nxd4 Bxd4 18.c3 Bb6 19.f4 exf4 20.Bxf4 Nd5 21.Bd2 
Rae8 22.Qg4 Be3 23.Be1 Qg6 24.Qxg6 hxg6 25.d4 Re6 26.c4 Nb4 27.d5 Re5 28.
Bc3 Re7 29.Rad1 Bc5 30.Rfe1 Rfe8 31.Rxe7 Rxe7 32.Re1 Rxe1+ 33.Bxe1 Bd4 34.
Bxb4 axb4 35.b3 f5 36.Ne2 Be3 37.g3 g5 38.Kg2 Kf7 39.Kf3 Bc5 40.Nc1 b6 41.
Nd3 Bd6 42.c5 Be7 43.d6 Bd8 44.dxc7 Bxc7 45.cxb6 Bxb6 46.Nxb4 Ke6 47.Nc2 
g6 48.Ne3 Bc7 49.g4 f4 50.Nc4 Kd5 51.Nd2 Bd8 52.Ne4 Kd4 53.a5 Bxa5 54.Nxg5
Ke5 55.h4 Be1 56.h5 gxh5 57.gxh5 Kf6 58.Nh3 Bd2 59.Ke4 f3 60.Kxf3 Kf5 61.
Nf2 Bb4 62.Nh3 Ba5 63.Ke3 Bb4 64.Kd4 Bf8 65.Kd5 Kg4 66.Ke6 Kxh3 67.Kf7 Bh6
68.b4 Kg4 69.Kg6 Be3 70.b5 Kf4 71.h6 Ke4 72.h7 Bd4 73.b6 Bxb6 74.h8=Q 1-0

[Event "45th POL-ch (w)"]
[Site "Lublin POL"]
[Date "1993.??.??"]
[Round "1"]
[White "Dworakowska, Joanna"]
[Black "Tust, Dominika"]
[Result "1-0"]
[WhiteElo "2120"]
[BlackElo "2105"]
[EventDate "1993.04.19"]
[PlyCount "69"]

1.e4 c6 2.d4 d5 3.e5 Bf5 4.Nf3 e6 5.Be2 Nd7 6.O-O c5 7.c3 Ne7 8.b4 cxb4 9.
cxb4 Nc6 10.a3 Be7 11.Be3 O-O 12.Nbd2 a6 13.Ne1 f6 14.f4 fxe5 15.fxe5 Qb6 
16.Bf2 a5 17.bxa5 Rxa5 18.Ndf3 Rxa3 19.Rxa3 Bxa3 20.Nh4 Ne7 21.Nxf5 Nxf5 
22.Qa4 Qb2 23.Qxd7 Qxe2 24.Qxe6+ Kh8 25.Nf3 Qb5 26.Ng5 h6 27.Nf7+ Rxf7 28.
Qxf7 Ne7 29.Bh4 Qd7 30.Bf6 Qg4 31.Bxe7 Bxe7 32.Qxe7 Qxd4+ 33.Kh1 Qc4 34.
Qf8+ Kh7 35.e6 1-0

[Event "45th POL-ch (w)"]
[Site "Lublin POL"]
[Date "1993.??.??"]
[Round "1"]
[White "Erenska-Radzewska, Hanna"]
[Black "Zawadzka, Alicja"]
[Result "0-1"]
[WhiteElo "2280"]
[BlackElo "2110"]
[EventDate "1993.04.19"]
[PlyCount "77"]

1.e4 e5 2.Nc3 Nf6 3.Bc4 Nc6 4.d3 Bb4 5.Nf3 d6 6.O-O Bxc3 7.bxc3 Na5 8.Nd2 
O-O 9.Qe2 Bg4 10.f3 Nxc4 11.fxg4 Nxd2 12.Bxd2 Nd7 13.Rf5 g6 14.Rf3 f6 15.
Bh6 Rf7 16.Raf1 Qe7 17.Qf2 Qe6 18.g5 Qxa2 19.gxf6 Qe6 20.Bg7 a5 21.Qh4 a4 
22.Rh3 Nf8 23.c4 a3 24.Ra1 a2 25.Qf2 Qd7 26.c3 Qa4 27.Rf3 Ne6 28.Qb2 Qa7+ 
29.Kh1 Nxg7 30.fxg7 Rxf3 31.gxf3 Kxg7 32.Kg2 b6 33.Kf1 Qa5 34.Ke2 Kf6 35.
Kd2 Qc5 36.Ke2 h5 37.h4 g5 38.hxg5+ Kxg5 39.Kd2 0-1

[Event "45th POL-ch (w)"]
[Site "Lublin POL"]
[Date "1993.??.??"]
[Round "1"]
[White "Kaczorowska, Barbara"]
[Black "Henc, Renata"]
[Result "1-0"]
[WhiteElo "2200"]
[BlackElo "2135"]
[EventDate "1993.04.19"]
[PlyCount "107"]

1.Nf3 Nf6 2.d4 e6 3.c4 b6 4.Nc3 Bb7 5.e3 Be7 6.Bd3 c5 7.O-O cxd4 8.Nxd4 
O-O 9.e4 d6 10.Be3 Nbd7 11.f3 Rc8 12.Be2 Ne5 13.b3 a6 14.Rc1 Qc7 15.Qe1 
Nfd7 16.Qf2 Nc5 17.Rfd1 Nc6 18.Nxc6 Bxc6 19.b4 Nd7 20.Nd5 exd5 21.cxd5 Qb7
22.dxc6 Rxc6 23.Rxc6 Qxc6 24.Bxa6 b5 25.Bxb5 Qxb5 26.Qb2 Ne5 27.Rd5 Qb7 
28.Qb3 Rc8 29.a4 Qc7 30.b5 Qa5 31.Kf2 Rc3 32.b6 Nd3+ 33.Kg3 Qb4 34.Qxb4 
Nxb4 35.b7 Na6 36.Bf4 Rb3 37.Rb5 Rxb5 38.axb5 Nb8 39.Be3 Bd8 40.Ba7 Nd7 
41.b8=Q Nxb8 42.Bxb8 Kf8 43.Ba7 Bf6 44.Kf2 Ke7 45.Ke3 Kd7 46.Bd4 Bg5+ 47.
Kd3 g6 48.Kc4 h5 49.Kd5 Bf4 50.h3 Bg3 51.b6 g5 52.e5 Kc8 53.exd6 Kb7 54.d7
1-0

[Event "45th POL-ch (w)"]
[Site "Lublin POL"]
[Date "1993.??.??"]
[Round "1"]
[White "Leszner, Liliana"]
[Black "Lewandowska, Katarzyna"]
[Result "1-0"]
[WhiteElo "2160"]
[BlackElo "2170"]
[EventDate "1993.04.19"]
[PlyCount "55"]

1.e4 c5 2.Nf3 Nc6 3.d4 cxd4 4.Nxd4 Nf6 5.Nc3 e5 6.Ndb5 d6 7.Bg5 a6 8.Na3 
b5 9.Bxf6 gxf6 10.Nd5 Bg7 11.Bd3 Ne7 12.c4 f5 13.Nxe7 Qxe7 14.Rb1 O-O 15.
O-O Bb7 16.exf5 Qg5 17.f3 bxc4 18.Nxc4 d5 19.Na5 Qe3+ 20.Kh1 Qb6 21.Nxb7 
Qxb7 22.Qe1 Bf6 23.b3 a5 24.a4 Rfc8 25.Bb5 Qe7 26.Rc1 Rxc1 27.Qxc1 Qb4 28.
Qc6 1-0

[Event "45th POL-ch (w)"]
[Site "Lublin POL"]
[Date "1993.??.??"]
[Round "2"]
[White "Bednarska, Malgorzata"]
[Black "Kaczorowska, Barbara"]
[Result "0-1"]
[WhiteElo "2180"]
[BlackElo "2200"]
[EventDate "1993.04.19"]
[PlyCount "64"]

1.e4 c6 2.d4 d5 3.exd5 cxd5 4.c4 Nf6 5.Nc3 g6 6.cxd5 Bg7 7.Qb3 O-O 8.Be2 
Na6 9.Bg5 Nc7 10.Bf3 Rb8 11.Nge2 b5 12.Rc1 b4 13.Bf4 Ba6 14.Nd1 Nfe8 15.
O-O Bxe2 16.Bxe2 Bxd4 17.Qc4 Bb6 18.Ne3 Nd6 19.Qd3 Qd7 20.Ng4 Nf5 21.d6 
Nxd6 22.Bxd6 Qxd6 23.Qxd6 exd6 24.Nf6+ Kg7 25.Nd7 Rfe8 26.Nxb8 Rxe2 27.Nd7
Ba5 28.b3 Nb5 29.Rfe1 Rxa2 30.Ra1 Ra3 31.Nb8 Bb6 32.Reb1 Bd4 0-1

[Event "45th POL-ch (w)"]
[Site "Lublin POL"]
[Date "1993.??.??"]
[Round "2"]
[White "Zawadzka, Alicja"]
[Black "Dabrowska, Krystyna"]
[Result "0-1"]
[WhiteElo "2110"]
[BlackElo "2240"]
[EventDate "1993.04.19"]
[PlyCount "86"]

1.e4 e5 2.Nf3 d6 3.d4 Nf6 4.Nc3 Nbd7 5.Bc4 Be7 6.O-O O-O 7.h3 c6 8.a4 h6 
9.Be3 Qc7 10.Ba2 b6 11.Qd2 Bb7 12.Rfd1 a6 13.d5 Rac8 14.Ne1 cxd5 15.Nxd5 
Nxd5 16.Bxd5 Nf6 17.Bxb7 Qxb7 18.f3 d5 19.exd5 Rfd8 20.Qe2 Nxd5 21.Bf2 Qc7
22.Qxa6 Bc5 23.Qe2 Nf4 24.Qf1 Rd6 25.Rxd6 Qxd6 26.Bxc5 Qxc5+ 27.Qf2 Ne2+ 
28.Kf1 Nd4 29.c3 Qc4+ 30.Kg1 Ne2+ 31.Kh1 Rc6 32.Rd1 Rg6 33.Rd2 Ng3+ 34.Kg1
Qxa4 35.Qe3 Qc4 36.Qd3 Qc5+ 37.Kh2 e4 38.fxe4 Qe5 39.Nf3 Qf4 40.Kg1 Nxe4 
41.Re2 f5 42.Qd5+ Kh7 43.Nd4 Qc1+ 0-1

[Event "45th POL-ch (w)"]
[Site "Lublin POL"]
[Date "1993.??.??"]
[Round "2"]
[White "Henc, Renata"]
[Black "Grochot, Czeslawa"]
[Result "0-1"]
[WhiteElo "2135"]
[BlackElo "2170"]
[EventDate "1993.04.19"]
[PlyCount "88"]

1.d4 Nf6 2.Nf3 g6 3.c4 Bg7 4.Nc3 O-O 5.e4 d6 6.Be2 Nbd7 7.Bg5 c6 8.O-O h6 
9.Bh4 e5 10.d5 c5 11.a3 a6 12.b4 g5 13.Bg3 Nh5 14.Nd2 Nhf6 15.h4 b6 16.
hxg5 hxg5 17.Re1 Re8 18.Nf1 Nf8 19.Ne3 Ng6 20.Rb1 Nf4 21.Bf3 Bd7 22.Nf5 
Bf8 23.Bh2 Rb8 24.Bg4 Nxg4 25.Qxg4 Qf6 26.Re3 Be7 27.Rg3 Kf8 28.Rf3 Qg6 
29.Bxf4 exf4 30.Rh3 Bf6 31.Rb3 Rxe4 32.Nxe4 Bxf5 33.Qe2 Bxe4 34.bxc5 dxc5 
35.a4 g4 36.Rh1 Bd4 37.Qd2 Kg7 38.Qxf4 Rd8 39.Rxb6 Qxb6 40.Qxe4 Qg6 41.Qe1
g3 42.Qd1 Bxf2+ 43.Kf1 Re8 44.Qa1+ Qf6 0-1

[Event "45th POL-ch (w)"]
[Site "Lublin POL"]
[Date "1993.??.??"]
[Round "2"]
[White "Leszner, Liliana"]
[Black "Erenska-Radzewska, Hanna"]
[Result "1/2-1/2"]
[WhiteElo "2160"]
[BlackElo "2280"]
[EventDate "1993.04.19"]
[PlyCount "24"]

1.e4 c5 2.Nf3 e6 3.d4 cxd4 4.Nxd4 Nf6 5.Nc3 d6 6.Be2 Be7 7.O-O O-O 8.Be3 
a6 9.f4 Qc7 10.Kh1 b5 11.Bf3 Bb7 12.e5 dxe5 1/2-1/2

[Event "45th POL-ch (w)"]
[Site "Lublin POL"]
[Date "1993.??.??"]
[Round "2"]
[White "Lewandowska, Katarzyna"]
[Black "Tust, Dominika"]
[Result "1/2-1/2"]
[WhiteElo "2170"]
[BlackElo "2105"]
[EventDate "1993.04.19"]
[PlyCount "62"]

1.d4 d5 2.Nf3 Nf6 3.c4 c6 4.Nc3 e6 5.cxd5 exd5 6.Bg5 Be7 7.Qc2 Nbd7 8.e3 
O-O 9.Bd3 Re8 10.O-O Nf8 11.Rae1 Ng6 12.Ne5 Ng4 13.Bxe7 Qxe7 14.f4 N4xe5 
15.fxe5 Qg5 16.Qf2 Be6 17.e4 dxe4 18.Nxe4 Qe7 19.Nd6 Rf8 20.Qg3 Rad8 21.
Bb1 Qc7 22.h4 Qb6 23.Qd3 f5 24.h5 Nxe5 25.Rxe5 Rxd6 26.Rxe6 Rxe6 27.Qc4 
Kh8 28.Qxe6 Qxd4+ 29.Kh2 Qh4+ 30.Kg1 Qd4+ 31.Kh2 Qh4+ 1/2-1/2

[Event "45th POL-ch (w)"]
[Site "Lublin POL"]
[Date "1993.??.??"]
[Round "2"]
[White "Szczygiel, Agnieszka"]
[Black "Dworakowska, Joanna"]
[Result "1/2-1/2"]
[WhiteElo "2135"]
[BlackElo "2120"]
[EventDate "1993.04.19"]
[PlyCount "107"]

1.e4 c5 2.Nc3 Nc6 3.g3 g6 4.Bg2 Bg7 5.d3 d6 6.Be3 Rb8 7.Qd2 b5 8.f4 Bd7 9.
Nd1 b4 10.c3 bxc3 11.bxc3 Qa5 12.Ne2 e6 13.O-O Nge7 14.Nf2 O-O 15.g4 f5 
16.h3 Rb6 17.Rab1 Rfb8 18.Rxb6 Qxb6 19.Nd1 Na5 20.Kh2 Bc6 21.Ng3 Ba4 22.
Ne2 Qb1 23.exf5 gxf5 24.c4 Bxd1 25.Rxd1 Qb4 26.Qxb4 Rxb4 27.Bd2 Ra4 28.
Bxa5 Rxa5 29.Rd2 Kf7 30.Kg3 Ra3 31.Kf2 Bf6 32.g5 Bg7 33.h4 Nc8 34.Bf3 Nb6 
35.Kf1 Ke7 36.Kf2 Na4 37.h5 Kd7 38.h6 Bb2 39.g6 hxg6 40.Rxb2 Nxb2 41.h7 
Nxd3+ 42.Kg3 Ne1 43.Ng1 e5 44.h8=Q e4 45.Qg7+ Kc6 46.Qxg6 Nxf3 47.Qe8+ Kc7
48.Qe7+ Kc6 49.Nxf3 Rxf3+ 50.Kg2 Rxf4 51.Qxa7 e3 52.Qa6+ Kc7 53.Qa5+ Kc6 
54.Qb5+ 1/2-1/2

[Event "45th POL-ch (w)"]
[Site "Lublin POL"]
[Date "1993.??.??"]
[Round "2"]
[White "Bobrowska, Monika"]
[Black "Walkusz, Malgorzata"]
[Result "1-0"]
[WhiteElo "2210"]
[BlackElo "2045"]
[EventDate "1993.04.19"]
[PlyCount "55"]

1.c4 f5 2.Nc3 Nf6 3.g3 g6 4.Bg2 Bg7 5.Nf3 O-O 6.O-O d6 7.d4 Qe8 8.b3 Na6 
9.Bb2 c5 10.Re1 Nc7 11.dxc5 Ne4 12.cxd6 Nxc3 13.Qc2 exd6 14.Bxc3 f4 15.
Bxg7 Kxg7 16.Rad1 Qe7 17.Qd3 fxg3 18.hxg3 Rf6 19.Ng5 Na6 20.Qd4 Nc5 21.b4 
Ne6 22.Nxe6+ Qxe6 23.e4 Qf7 24.e5 dxe5 25.Qxe5 Be6 26.Rd6 Bxc4 27.Qd4 Bb5 
28.Rxf6 1-0

[Event "45th POL-ch (w)"]
[Site "Lublin POL"]
[Date "1993.??.??"]
[Round "3"]
[White "Dworakowska, Joanna"]
[Black "Henc, Renata"]
[Result "0-1"]
[WhiteElo "2120"]
[BlackElo "2135"]
[EventDate "1993.04.19"]
[PlyCount "60"]

1.e4 e6 2.d4 d5 3.Nc3 Nf6 4.e5 Nfd7 5.f4 c5 6.Nf3 Nc6 7.Be3 cxd4 8.Nxd4 
Qb6 9.Qd2 Qxb2 10.Rb1 Qa3 11.Bb5 Nxd4 12.Bxd4 Bb4 13.Rb3 Qa5 14.a3 Bxa3 
15.O-O Bb4 16.Bxd7+ Bxd7 17.Rfb1 Bc5 18.Rxb7 Rc8 19.R7b3 Bxd4+ 20.Qxd4 Rc4
21.Qd3 O-O 22.Ne2 Qc5+ 23.Kh1 Rxc2 24.Qf3 Rc8 25.Rd3 Bb5 26.Re3 d4 27.Re4 
d3 28.Ng1 d2 29.Rd1 Rc1 30.f5 Rxd1 0-1

[Event "45th POL-ch (w)"]
[Site "Lublin POL"]
[Date "1993.??.??"]
[Round "3"]
[White "Dabrowska, Krystyna"]
[Black "Leszner, Liliana"]
[Result "0-1"]
[WhiteElo "2240"]
[BlackElo "2160"]
[EventDate "1993.04.19"]
[PlyCount "80"]

1.e4 d6 2.d4 g6 3.Nc3 Bg7 4.Be3 c6 5.Qd2 b5 6.O-O-O Qa5 7.Kb1 b4 8.Nce2 
Nf6 9.f3 Nbd7 10.Bh6 Bxh6 11.Qxh6 Ba6 12.Nh3 Rb8 13.Ng5 Bc4 14.Nc1 Bxf1 
15.Rhxf1 Rb5 16.f4 c5 17.f5 c4 18.Qg7 Rf8 19.Rde1 gxf5 20.exf5 Rxf5 21.
Nxh7 Rg8 22.Nxf6+ Nxf6 23.Qh6 Rxg2 24.Qh3 Rgg5 25.Rg1 e6 26.Qh8+ Ke7 27.
Qc8 Qd5 28.h4 Rxg1 29.Rxg1 Rf2 30.Qc7+ Nd7 31.Rg8 e5 32.Qd8+ Ke6 33.Re8+ 
Kf5 34.Qxd7+ Kf4 35.Rg8 f5 36.Qg7 Qxd4 37.h5 Ke4 38.Qb7+ d5 39.Qxb4 Qd1 
40.Qc3 Rf1 0-1

[Event "45th POL-ch (w)"]
[Site "Lublin POL"]
[Date "1993.??.??"]
[Round "3"]
[White "Walkusz, Malgorzata"]
[Black "Zawadzka, Alicja"]
[Result "1/2-1/2"]
[WhiteElo "2045"]
[BlackElo "2110"]
[EventDate "1993.04.19"]
[PlyCount "78"]

1.e4 e5 2.Nf3 d6 3.Bc4 Nd7 4.d4 Be7 5.O-O c6 6.c3 Ngf6 7.Re1 O-O 8.Bb3 h6 
9.a4 Qc7 10.Na3 Re8 11.h3 a6 12.Bc2 Rb8 13.b4 b5 14.a5 c5 15.d5 Bf8 16.Nh4
g6 17.Bd2 Bg7 18.Kh1 Nh5 19.Qc1 Nf4 20.Re3 Qd8 21.Nf3 g5 22.Nh2 Nf6 23.g4 
Qd7 24.Kg1 Qd8 25.Bd1 Bb7 26.f3 Nd7 27.Re1 Bf6 28.Nc2 Kh7 29.Ne3 Nf8 30.
Nf5 N8g6 31.Be3 c4 32.Bb6 Qd7 33.Bc2 Bc8 34.Rd1 Bd8 35.Be3 Ne7 36.Ng3 Neg6
37.Nf5 Qc7 38.Ng3 Nh4 39.Rd2 Qe7 1/2-1/2

[Event "45th POL-ch (w)"]
[Site "Lublin POL"]
[Date "1993.??.??"]
[Round "3"]
[White "Grochot, Czeslawa"]
[Black "Bednarska, Malgorzata"]
[Result "1-0"]
[WhiteElo "2170"]
[BlackElo "2180"]
[EventDate "1993.04.19"]
[PlyCount "103"]

1.e4 g6 2.d4 Bg7 3.c4 c6 4.Nc3 Na6 5.Nf3 d6 6.Be3 Nf6 7.h3 O-O 8.Be2 e5 9.
d5 Qe7 10.Nd2 Ne8 11.O-O f5 12.exf5 gxf5 13.f4 Nac7 14.Nf3 Bd7 15.Qd2 e4 
16.Nd4 c5 17.Nc2 Kh8 18.b4 Qf6 19.Nd1 cxb4 20.Bd4 Qg6 21.Bxg7+ Qxg7 22.
Qxb4 Rg8 23.Nde3 b6 24.Rad1 Na6 25.Qd2 Nc5 26.Kh1 Nf6 27.Qd4 Raf8 28.Rf2 
h6 29.Rg1 Qg3 30.Nf1 Qg6 31.g4 Rg7 32.Rfg2 fxg4 33.hxg4 Ne8 34.Qe3 Qf6 35.
f5 Qg5 36.Qxg5 Rxg5 37.Nd4 Nf6 38.Ne3 Rfg8 39.Ne6 Bxe6 40.dxe6 Kg7 41.Rd1 
Nb7 42.Kh2 Rc8 43.Kg3 Nh5+ 44.Kh4 Nf6 45.Rh2 Rc5 46.Kg3 Ra5 47.Rd2 Ra3 48.
Kf4 Nc5 49.Rxd6 Rxa2 50.e7 Nd3+ 51.Bxd3 Rxh2 52.Rxf6 1-0

[Event "45th POL-ch (w)"]
[Site "Lublin POL"]
[Date "1993.??.??"]
[Round "3"]
[White "Kaczorowska, Barbara"]
[Black "Bobrowska, Monika"]
[Result "0-1"]
[WhiteElo "2200"]
[BlackElo "2210"]
[EventDate "1993.04.19"]
[PlyCount "68"]

1.Nf3 Nf6 2.d4 g6 3.c4 Bg7 4.Nc3 O-O 5.g3 d6 6.Bg2 c6 7.O-O Bf5 8.Nh4 Be6 
9.d5 cxd5 10.cxd5 Bd7 11.Be3 b5 12.Qb3 Qa5 13.a3 Na6 14.Nf3 Rfc8 15.Nd4 
Ng4 16.Ncxb5 Nxe3 17.fxe3 Bxd4 18.Nxd4 Rab8 19.Qa2 Qd2 20.Rfd1 Qxe3+ 21.
Kh1 Nc5 22.Qb1 Ba4 23.Qc1 Qe5 24.Nc6 Bxc6 25.dxc6 Nb3 26.Qc4 Nxa1 27.Rxa1 
e6 28.Rc1 d5 29.Qc5 Qxb2 30.e4 Rb5 31.Qe3 d4 32.Qe1 d3 33.Qd1 d2 34.Rc2 
Qb1 0-1

[Event "45th POL-ch (w)"]
[Site "Lublin POL"]
[Date "1993.??.??"]
[Round "3"]
[White "Erenska-Radzewska, Hanna"]
[Black "Lewandowska, Katarzyna"]
[Result "1-0"]
[WhiteElo "2280"]
[BlackElo "2170"]
[EventDate "1993.04.19"]
[PlyCount "61"]

1.e4 c5 2.Nf3 Nc6 3.Bb5 a6 4.Bxc6 dxc6 5.h3 e5 6.d3 Bd6 7.Bg5 Nf6 8.Nbd2 
Qe7 9.b3 h6 10.Be3 Bc7 11.Qc1 Nh5 12.Qb2 O-O 13.Qc3 b6 14.g3 a5 15.a4 Kh7 
16.O-O-O Qf6 17.Rdg1 g5 18.Ne1 Rg8 19.Nc4 Be6 20.Nb2 Qe7 21.Qd2 Rg6 22.Qe2
Ng7 23.g4 b5 24.c4 Rb8 25.f3 Bd7 26.h4 Ne6 27.hxg5 Nd4 28.Qd1 Rxg5 29.Rh2 
Rg6 30.Rgh1 Qf8 31.g5 1-0

[Event "45th POL-ch (w)"]
[Site "Lublin POL"]
[Date "1993.??.??"]
[Round "4"]
[White "Lewandowska, Katarzyna"]
[Black "Szczygiel, Agnieszka"]
[Result "1-0"]
[WhiteElo "2170"]
[BlackElo "2135"]
[EventDate "1993.04.19"]
[PlyCount "77"]

1.d4 Nf6 2.Nf3 c5 3.d5 g6 4.Nc3 Bg7 5.e4 O-O 6.Bd3 d6 7.O-O Na6 8.h3 Nc7 
9.Qe2 a6 10.a4 b6 11.Bf4 Rb8 12.Rfe1 Qd7 13.Qd2 b5 14.axb5 axb5 15.Ra7 Bb7
16.Bf1 b4 17.Na4 Nb5 18.Ra5 Ba8 19.Nxc5 dxc5 20.Bxb8 Rxb8 21.Bxb5 Qd8 22.
Rxa8 Rxa8 23.e5 Ne8 24.Bc4 Ra7 25.Qf4 h6 26.h4 Qc8 27.Rd1 Qf5 28.Qxf5 gxf5
29.h5 Kf8 30.Kh2 f6 31.d6 exd6 32.exd6 Rd7 33.Nh4 Bh8 34.Nxf5 Ng7 35.Nh4 
Ne8 36.Bb5 Rd8 37.Ng6+ Kg8 38.Bxe8 Rxe8 39.d7 1-0

[Event "45th POL-ch (w)"]
[Site "Lublin POL"]
[Date "1993.??.??"]
[Round "4"]
[White "Leszner, Liliana"]
[Black "Walkusz, Malgorzata"]
[Result "1/2-1/2"]
[WhiteElo "2160"]
[BlackElo "2045"]
[EventDate "1993.04.19"]
[PlyCount "101"]

1.e4 Nf6 2.e5 Nd5 3.d4 d6 4.Nf3 dxe5 5.Nxe5 g6 6.Bc4 c6 7.O-O Bg7 8.Nd2 
O-O 9.Ndf3 Nd7 10.Bb3 Nxe5 11.Nxe5 Be6 12.Re1 Nc7 13.c3 Bxb3 14.Qxb3 Qc8 
15.Bf4 Nd5 16.Bg3 e6 17.Nc4 Qd7 18.Rad1 a5 19.Ne5 Qe7 20.c4 a4 21.Qf3 Nb6 
22.c5 Nc8 23.Re3 f5 24.h4 Bh6 25.Ree1 Na7 26.Bf4 Qxh4 27.g3 Qh3 28.Nd7 
Rfd8 29.Nb6 Bxf4 30.Nxa8 Bxg3 31.Qxg3 Qxg3+ 32.fxg3 Rxa8 33.Rxe6 Nb5 34.
Re7 a3 35.b3 Nc3 36.Rd2 Ne4 37.Re2 Nxg3 38.Re8+ Rxe8 39.Rxe8+ Kf7 40.Rb8 
Ne2+ 41.Kf2 Nxd4 42.Rxb7+ Ke6 43.Rxh7 Kd5 44.Rg7 Kxc5 45.Rxg6 f4 46.Rg5+ 
Kb4 47.Rg4 Kc3 48.Rxf4 c5 49.Ke1 Nc2+ 50.Kd1 Nb4 51.Rc4+ 1/2-1/2

[Event "45th POL-ch (w)"]
[Site "Lublin POL"]
[Date "1993.??.??"]
[Round "4"]
[White "Zawadzka, Alicja"]
[Black "Kaczorowska, Barbara"]
[Result "1/2-1/2"]
[WhiteElo "2110"]
[BlackElo "2200"]
[EventDate "1993.04.19"]
[PlyCount "45"]

1.e4 c5 2.Nf3 Nc6 3.d4 cxd4 4.Nxd4 g6 5.c4 Bg7 6.Be3 Nf6 7.Nc3 d6 8.Be2 
O-O 9.O-O Bd7 10.Rc1 a6 11.b3 Nxd4 12.Bxd4 Bc6 13.f3 Rc8 14.Re1 Qa5 15.Bf1
Rfd8 16.Nd5 Bxd5 17.exd5 Re8 18.Qd3 Nd7 19.Bxg7 Kxg7 20.Qc3+ Qxc3 21.Rxc3 
a5 22.Rce3 Kf8 23.g3 1/2-1/2

[Event "45th POL-ch (w)"]
[Site "Lublin POL"]
[Date "1993.??.??"]
[Round "4"]
[White "Erenska-Radzewska, Hanna"]
[Black "Dabrowska, Krystyna"]
[Result "0-1"]
[WhiteElo "2280"]
[BlackElo "2240"]
[EventDate "1993.04.19"]
[PlyCount "160"]

1.e4 e5 2.Bc4 Nc6 3.d3 Nf6 4.Bb3 Nd4 5.c3 Nxb3 6.Qxb3 d6 7.Ne2 Be7 8.O-O 
O-O 9.f4 Bg4 10.Ng3 exf4 11.Rxf4 Qc8 12.Nf5 Bxf5 13.Rxf5 d5 14.Qc2 dxe4 
15.dxe4 Qe6 16.Bf4 g6 17.Rb5 Qc4 18.a4 Bc5+ 19.Rxc5 Qxc5+ 20.Kf1 Qc4+ 21.
Qe2 Qxe2+ 22.Kxe2 Nxe4 23.Bxc7 Rfe8 24.Kf3 Rac8 25.Bf4 Rcd8 26.Na3 g5 27.
Be3 f5 28.Nc4 Rd3 29.Ke2 Rd7 30.Kf3 Rc7 31.b3 a6 32.a5 Rd7 33.Rc1 f4 34.
Bd4 Rde7 35.h4 gxh4 36.Rh1 Ng5+ 37.Kg4 Ne6 38.Bf6 Rd7 39.Rxh4 Rd3 40.Kf5 
Rd5+ 41.Be5 Nc5 42.Rg4+ Kf8 43.Rg5 h6 44.Rh5 Nd7 45.Kxf4 Nxe5 46.Nxe5 Kg7 
47.b4 Rd2 48.g4 Rf2+ 49.Ke3 Rg2 50.Kd4 Rg3 51.c4 Rb3 52.g5 Rd8+ 53.Ke4 
hxg5 54.Rxg5+ Kf8 55.b5 Ra3 56.bxa6 bxa6 57.Nc6 Rd6 58.Rc5 Rh6 59.Ne5 Rd6 
60.Nc6 Rg6 61.Ne5 Rg1 62.Rc8+ Ke7 63.Ra8 Re1+ 64.Kd4 Rd1+ 65.Ke4 Rd6 66.
Rc8 Rxa5 67.c5 Ra4+ 68.Kf5 Rf6+ 69.Kg5 Ra1 70.Ng6+ Kd7 71.Ra8 Rf2 72.Ne5+ 
Ke6 73.Re8+ Kd5 74.Ng4 Rg2 75.Re5+ Kc6 76.Rf5 Rag1 77.Rf4 a5 78.Kf5 Rxg4 
79.Rxg4 Rxg4 80.Kxg4 a4 0-1

[Event "45th POL-ch (w)"]
[Site "Lublin POL"]
[Date "1993.??.??"]
[Round "4"]
[White "Bednarska, Malgorzata"]
[Black "Dworakowska, Joanna"]
[Result "1-0"]
[WhiteElo "2180"]
[BlackElo "2120"]
[EventDate "1993.04.19"]
[PlyCount "131"]

1.d4 Nf6 2.Nf3 g6 3.Bf4 Bg7 4.e3 O-O 5.h3 d6 6.Nbd2 Nbd7 7.c3 Re8 8.Bc4 h6
9.Qc2 Nf8 10.O-O Bf5 11.e4 Nxe4 12.Nxe4 d5 13.Bd3 dxe4 14.Bxe4 Bxe4 15.
Qxe4 Ne6 16.Be5 c6 17.Rfe1 Qd5 18.Qg4 Nf8 19.Nh4 Nd7 20.Bxg7 Kxg7 21.Re3 
Nf6 22.Qe2 e6 23.Re5 Qd6 24.Rd1 Kh7 25.Rd3 Nd5 26.Rg3 Rg8 27.Qg4 Rae8 28.
Nf3 Qe7 29.Nd2 b5 30.Re1 a6 31.Qe4 Rc8 32.Nb3 Nf6 33.Qe2 Rgd8 34.Nc5 a5 
35.Qc2 Rg8 36.Rf3 Rcd8 37.Nd3 Nd7 38.Qe2 Rg7 39.Qe4 c5 40.Nf4 cxd4 41.cxd4
Nf6 42.Qe5 Ne8 43.Qxb5 Rxd4 44.Qxa5 Qd6 45.Qe5 Rd1 46.Re3 Rg8 47.Qxd6 Rxd6
48.Nd3 Nf6 49.Ne5 Kg7 50.Rb3 Nd7 51.Rb7 Nxe5 52.Rxe5 Rc8 53.Re3 Kf8 54.Rf3
f5 55.Ra3 g5 56.Raa7 f4 57.b4 e5 58.f3 Rd1+ 59.Kh2 Rd2 60.b5 e4 61.fxe4 
Kg8 62.Rg7+ Kh8 63.Rh7+ Kg8 64.Rag7+ Kf8 65.Rd7 Rxd7 66.Rxd7 1-0

[Event "45th POL-ch (w)"]
[Site "Lublin POL"]
[Date "1993.??.??"]
[Round "4"]
[White "Henc, Renata"]
[Black "Tust, Dominika"]
[Result "1-0"]
[WhiteElo "2135"]
[BlackElo "2105"]
[EventDate "1993.04.19"]
[PlyCount "63"]

1.d4 d5 2.c4 c6 3.Nf3 Nf6 4.Nc3 e6 5.Bg5 Be7 6.cxd5 exd5 7.Qc2 O-O 8.e3 
Re8 9.Bd3 Nbd7 10.O-O Nf8 11.h3 Ne4 12.Bf4 Ng5 13.Bxg5 Bxg5 14.b4 a6 15.a4
Be7 16.b5 axb5 17.axb5 Rxa1 18.Rxa1 Bd6 19.bxc6 bxc6 20.Na4 Qf6 21.Qd1 g5 
22.Nb6 Be6 23.Rc1 Bd7 24.Nxd7 Nxd7 25.Qc2 Nb8 26.Bxh7+ Kg7 27.Qf5 Qh6 28.
Nxg5 f6 29.Ne6+ Kf7 30.Rb1 Rh8 31.Rb7+ Be7 32.Nf4 1-0

[Event "45th POL-ch (w)"]
[Site "Lublin POL"]
[Date "1993.??.??"]
[Round "5"]
[White "Szczygiel, Agnieszka"]
[Black "Henc, Renata"]
[Result "1-0"]
[WhiteElo "2135"]
[BlackElo "2135"]
[EventDate "1993.04.19"]
[PlyCount "121"]

1.e4 e6 2.d4 d5 3.Nd2 Nf6 4.e5 Nfd7 5.Bd3 c5 6.c3 Nc6 7.Ne2 cxd4 8.cxd4 f6
9.exf6 Nxf6 10.Nf3 Bd6 11.Bf4 Bxf4 12.Nxf4 Qa5+ 13.Qd2 Qxd2+ 14.Kxd2 O-O 
15.Rhe1 Ne4+ 16.Bxe4 Rxf4 17.Bd3 Bd7 18.Bb5 Re8 19.Bxc6 Bxc6 20.Re5 Re7 
21.Rae1 Rf6 22.R1e3 h6 23.Ke1 Kf8 24.h4 Be8 25.g3 Ref7 26.Nd2 Rxf2 27.Rxe6
Bd7 28.Re2 R2f5 29.R6e5 g5 30.Rxf5 Rxf5 31.Rf2 Kf7 32.hxg5 hxg5 33.Rxf5+ 
Bxf5 34.Kf2 Kf6 35.Ke3 Bh3 36.Nb1 Kf5 37.Nc3 Bg2 38.Nb5 Kg4 39.Kf2 Be4 40.
Nxa7 Bb1 41.a4 Bc2 42.a5 Kf5 43.Ke3 Kg4 44.Kf2 Kf5 45.Nb5 Ke4 46.Nd6+ Kxd4
47.Nxb7 Bd3 48.b4 Kc3 49.Nc5 Bb5 50.a6 Kxb4 51.a7 Bc6 52.Ne6 Kc3 53.Nc7 d4
54.a8=Q Bxa8 55.Nxa8 d3 56.Nc7 Kc4 57.Ke3 Kc3 58.Nd5+ Kc4 59.Nf6 Kc3 60.
Ne4+ Kc2 61.g4 1-0

[Event "45th POL-ch (w)"]
[Site "Lublin POL"]
[Date "1993.??.??"]
[Round "5"]
[White "Grochot, Czeslawa"]
[Black "Zawadzka, Alicja"]
[Result "1-0"]
[WhiteElo "2170"]
[BlackElo "2110"]
[EventDate "1993.04.19"]
[PlyCount "111"]

1.e4 e5 2.Nf3 Nc6 3.Bb5 a6 4.Ba4 Nf6 5.O-O Be7 6.Bxc6 dxc6 7.d3 Nd7 8.Nbd2
O-O 9.Nc4 f6 10.Nh4 Nc5 11.Nf5 Bxf5 12.exf5 Rf7 13.Be3 Qd5 14.Qg4 Nd7 15.
b3 c5 16.a4 Re8 17.a5 Nb8 18.f3 Nc6 19.Rf2 Bf8 20.Qe4 Rd7 21.Re1 Qxe4 22.
fxe4 Kf7 23.g4 h6 24.h4 Rb8 25.g5 hxg5 26.hxg5 fxg5 27.Bxg5 Bd6 28.Rg2 Rh8
29.Re3 Rh7 30.Reg3 Bf8 31.Rg4 Be7 32.Be3 Rd8 33.Kf2 Re8 34.Rg6 Bf8 35.c3 
Na7 36.Re6 Rxe6 37.fxe6+ Kxe6 38.Rg6+ Kd7 39.Nxe5+ Ke8 40.Re6+ Be7 41.Bg5 
Nc8 42.Bxe7 Nxe7 43.Ng6 Kf7 44.Rxe7+ Kxg6 45.Rxc7 Rh2+ 46.Kg3 Rd2 47.Rd7 
Ra2 48.Rxb7 Rxa5 49.Kf4 Ra1 50.Rc7 Ra5 51.e5 Rb5 52.Ke4 a5 53.c4 Rxb3 54.
Rxc5 a4 55.Ra5 a3 56.c5 1-0

[Event "45th POL-ch (w)"]
[Site "Lublin POL"]
[Date "1993.??.??"]
[Round "5"]
[White "Kaczorowska, Barbara"]
[Black "Leszner, Liliana"]
[Result "1-0"]
[WhiteElo "2200"]
[BlackElo "2160"]
[EventDate "1993.04.19"]
[PlyCount "73"]

1.d4 Nf6 2.Bf4 d6 3.Nf3 c6 4.h3 g6 5.e3 Bg7 6.Nbd2 Nbd7 7.Be2 Qa5 8.O-O 
O-O 9.c3 Re8 10.Bh2 e5 11.Nc4 Qd5 12.dxe5 dxe5 13.Nd6 Re6 14.Nxc8 Rxc8 15.
Qa4 Qc5 16.Rfd1 b5 17.Qc2 Nd5 18.e4 N5f6 19.Rd2 Bh6 20.Rdd1 Qb6 21.Nd2 Nc5
22.Bf3 Rd8 23.Nb3 Ree8 24.Rxd8 Rxd8 25.Bxe5 Nxb3 26.Qxb3 Rd2 27.Bg3 c5 28.
a4 bxa4 29.Qxa4 Qxb2 30.Qxa7 Qxc3 31.Qb8+ Kg7 32.Be5 Qb4 33.Bxf6+ Kxf6 34.
Qh8+ Kg5 35.Qe5+ f5 36.h4+ Kxh4 37.Qg3# 1-0